书目信息 |
| 题名: |
中西文化概论
|
|
| 作者: | 姜平 主编 | |
| 分册: | ||
| 出版信息: | 大连 大连理工大学出版社 2016 |
|
| 页数: | 377页 | |
| 开本: | 26cm | |
| 丛书名: | 新世纪应用型高等教育基础类课程规划教材 | |
| 单 册: | ||
| 中图分类: | G04 | |
| 科图分类: | ||
| 主题词: | 比较文化--bi jiao wen hua--中国--西方国家--高等学校--教材 | |
| 电子资源: | ||
| ISBN: | 978-7-5685-0512-3 | |
| 000 | 01062nam 2200289 45 | |
| 001 | 012001004163 | |
| 005 | 20191121170718.04 | |
| 010 | @a978-7-5685-0512-3@dCNY50.00 | |
| 099 | @aCAL 012016157636 | |
| 100 | @a20160923d2016 em y0chiy50 ea | |
| 101 | 0 | @achi |
| 102 | @aCN@b210000 | |
| 105 | @aac a 000yy | |
| 106 | @ar | |
| 200 | 1 | @a中西文化概论@Azhong xi wen hua gai lun@f主编姜平 |
| 205 | @a第2版 | |
| 210 | @a大连@c大连理工大学出版社@d2016 | |
| 215 | @a377页@c图, 肖像@d26cm | |
| 225 | 2 | @a新世纪应用型高等教育基础类课程规划教材@Axin shi ji ying yong xing gao deng jiao yu ji chu lei ke cheng gui hua jiao cai@v35 |
| 320 | @a有书目 | |
| 330 | @a本书主要内容包括:中国文化绪论,汉语和汉字、中国文学和艺术,中国古代政治制度、教育和科技,中国古代哲学与宗教,中国传统节日等。 | |
| 410 | 0 | @12001 @a新世纪应用型高等教育基础类课程规划教材@v35 |
| 606 | 0 | @a比较文化@Abi jiao wen hua@y中国@x西方国家@x高等学校@j教材 |
| 690 | @aG04@v5 | |
| 701 | 0 | @a姜平@Ajiang ping@4主编 |
| 801 | @b江苏凤凰@c20191020 | |
| 905 | @b1234936-7@dG04@e134=2@f2 | |
| 中西文化概论/主编姜平.-第2版.-大连:大连理工大学出版社,2016 |
| 377页:图, 肖像;26cm.-(新世纪应用型高等教育基础类课程规划教材;35) |
| ISBN 978-7-5685-0512-3:CNY50.00 |
| 本书主要内容包括:中国文化绪论,汉语和汉字、中国文学和艺术,中国古代政治制度、教育和科技,中国古代哲学与宗教,中国传统节日等。 |
| ● |
| 相关链接 |
|
|
|
|
正题名:中西文化概论
索取号:G04/134=2
 
预约/预借
| 序号 | 登录号 | 条形码 | 馆藏地/架位号 | 状态 | 备注 |
| 1 | 1234936 | 212349369 | 第一样本阅览室/ [索取号:G04/134=2] | 在馆 | |
| 2 | 1234937 | 212349378 | 第四借阅区/ [索取号:G04/134=2] | 在馆 |